Integrácia Turecka do Európskej únie diplomová práca

Uložené v:
Podrobná bibliografia
Hlavný autor: Kvasnicová, Ľubica
Korporativný autor: Obchodná fakulta EU. Katedra medzinárodného obchodu
Ďalší autori: Silná, Zuzana
Médium: Kniha
Jazyk:Slovak
Vydavateľské údaje: Bratislava 2010
Tagy: Pridať tag
Žiadne tagy, Buďte prvý, kto otaguje tento záznam!

MARC

LEADER 00000nam a2200000 4500
001 0120157
005 20240318122324.2
041 0 |a slo 
044 |a SK 
245 1 0 |a Integrácia Turecka do Európskej únie  |b diplomová práca  |c Ľubica Kvasnicová ; škol. Zuzana Silná 
264 1 |a Bratislava  |c 2010 
300 |a 62 s. 
100 1 |a Kvasnicová, Ľubica 
700 1 |a Silná, Zuzana 
710 2 |a Obchodná fakulta EU. Katedra medzinárodného obchodu